00350nam a2200157Ia 4500008004100000041000800041100001000049245004200059260002100101300000800122365001200130500000900142520001200151650001000163999001900173230605s2014 xx 000 0 und d aeng aGhosh aHotel front office training manual (1 bAmay pub. c2014 a390 b315h10 a2134 aGeneral aF. O. c419266d419266